01291nam a2200349Ia 4500001001200000003000800012006001900020007001500039008004100054010001700095020001800112020001800130020003300148020003300181040002100214035002000235050002300255082001200278100002000290245007600310260005800386300001400444504006400458533015200522650002500674650002000699650003100719655002900750710001700779856012600796999001900922ebr10587085CaPaEBRm u cr cn|||||||||020118s2003 nyu sb s001 0 eng d z 2002017744 z9780791455715 z9780791487648 z0791455718 (HC : alk. paper) z0791455726 (PB : alk. paper) aCaPaEBRcCaPaEBR a(OCoLC)6136766714aPN212b.P86 2003eb04a8082211 aPunday, Daniel.10aNarrative after deconstructionh[electronic resource] /cDaniel Punday. aAlbany :bState University of New York Press,cc2003. ax, 194 p. aIncludes bibliographical references (p. 180-190) and index. aElectronic reproduction.bPalo Alto, Calif. :cebrary,d2011.nAvailable via World Wide Web.nAccess may be limited to ebrary affiliated libraries. 0aNarration (Rhetoric) 0aDeconstruction. 0aPostmodernism (Literature) 7aElectronic books.2local2 aebrary, Inc.40uhttp://site.ebrary.com/lib/rucke/Doc?id=10587085zAn electronic book accessible through the World Wide Web; click to view c211746d211746